[Event "Winnipeg TNT February op"]
[Site "Winnipeg CAN"]
[Date "2013.02.19"]
[Round "3"]
[White "Melamedoff, Gustavo"]
[Black "Wasserman, Leor"]
[Result "1-0"]
[WhiteElo "2066"]
[BlackElo "1976"]
[PlyCount "65"]
[GameId "2160767909381906"]
[EventDate "2013.02.05"]
[EventType "swiss"]
[EventRounds "4"]
[EventCountry "CAN"]
[SourceTitle "EXT 2022"]
[Source "ChessBase"]
[SourceDate "2021.10.06"]
[SourceVersion "1"]
[SourceVersionDate "2021.10.06"]
[SourceQuality "1"]

1. Nf3 Nf6 2. c4 c5 3. d4 cxd4 4. Nxd4 g6 5. g3 Bg7 6. Bg2 O-O 7. O-O d6 8. Nc3 Qc7 9. Bg5 Nbd7 10. Rc1 Qa5 11. Qd2 Qb6 12. Nb3 Nc5 13. Bxf6 Nxb3 14. axb3 Bxf6 15. Nd5 Qxb3 16. Nxf6+ exf6 17. Rc3 Qb4 18. Rd3 Qxc4 19. Rc1 Qb5 20. Rd5 Qe8 21. Rc4 Be6 22. Rh4 h5 23. Rdxh5 gxh5 24. Rxh5 Bg4 25. Rh4 Qxe2 26. Qh6 Qd1+ 27. Bf1 Bh5 28. Rxh5 Qxh5 29. Qxh5 Rfe8 30. Bc4 Re7 31. Qg6+ Kf8 32. Qxf6 Re1+ 33. Kg2 1-0

[Event "Winnipeg TNT February op"]
[Site "Winnipeg CAN"]
[Date "2013.02.19"]
[Round "3"]
[White "Platt, Alex"]
[Black "Skop, Mike"]
[Result "1-0"]
[WhiteElo "1895"]
[BlackElo "1721"]
[PlyCount "31"]
[GameId "2160767909381907"]
[EventDate "2013.02.05"]
[EventType "swiss"]
[EventRounds "4"]
[EventCountry "CAN"]
[SourceTitle "EXT 2022"]
[Source "ChessBase"]
[SourceDate "2021.10.06"]
[SourceVersion "1"]
[SourceVersionDate "2021.10.06"]
[SourceQuality "1"]

1. e4 b6 2. d4 Bb7 3. Bd3 e6 4. Nf3 Be7 5. O-O Nf6 6. Re1 c5 7. Nc3 O-O 8. d5 exd5 9. Nxd5 Nxd5 10. exd5 Bxd5 11. Bxh7+ Kxh7 12. Qxd5 Nc6 13. Bg5 Nb4 14. Qe4+ Kg8 15. Bxe7 Qc7 16. Ng5 1-0

[Event "Winnipeg TNT February op"]
[Site "Winnipeg CAN"]
[Date "2013.02.19"]
[Round "3"]
[White "Raihman, Igal"]
[Black "Mundwiler, Les"]
[Result "0-1"]
[WhiteElo "1990"]
[BlackElo "2011"]
[PlyCount "112"]
[GameId "2160767909381908"]
[EventDate "2013.02.05"]
[EventType "swiss"]
[EventRounds "4"]
[EventCountry "CAN"]
[SourceTitle "EXT 2022"]
[Source "ChessBase"]
[SourceDate "2021.10.06"]
[SourceVersion "1"]
[SourceVersionDate "2021.10.06"]
[SourceQuality "1"]

1. e4 e5 2. Nf3 Nc6 3. Bb5 Nd4 4. Bc4 c6 5. Nc3 Nxf3+ 6. Qxf3 Qf6 7. Qe2 Bc5 8. d3 b5 9. Bb3 a5 10. a4 b4 11. Nd1 Ne7 12. Be3 Bd6 13. Qd2 Qg6 14. O-O O-O 15. f3 Kh8 16. Nf2 f5 17. f4 Ba6 18. Rfd1 exf4 19. Bxf4 Bxf4 20. Qxf4 fxe4 21. Qe5 e3 22. Qxe3 Nf5 23. Qe4 Rae8 24. Qg4 Qxg4 25. Nxg4 Nd4 26. Nf2 d5 27. Re1 Bc8 28. h3 h5 29. Rac1 Ne2+ 30. Kf1 Nxc1 31. Rxc1 Re5 32. c4 d4 33. Bd1 c5 34. Bf3 Bd7 35. b3 Be8 36. Re1 Rxe1+ 37. Kxe1 Bg6 38. Ne4 Bxe4 39. Bxe4 g5 40. Bf3 h4 41. Be4 Kg7 42. Ke2 Kf6 43. Bc6 Ke5 44. Bd7 Kf4 45. Kf2 Rf7 46. Be8 Re7 47. Bg6 Rg7 48. Bh5 Rh7 49. Bg6 Rh6 50. Be4 g4 51. hxg4 Kxg4 52. Bd5 Rf6+ 53. Bf3+ Rxf3+ 54. gxf3+ Kf4 55. Ke2 h3 56. Kf2 h2 0-1

[Event "Winnipeg TNT February op"]
[Site "Winnipeg CAN"]
[Date "2013.02.19"]
[Round "3"]
[White "Reimer, Bruce"]
[Black "Rutter, Blair"]
[Result "0-1"]
[WhiteElo "1648"]
[BlackElo "1863"]
[PlyCount "68"]
[GameId "2160767909381909"]
[EventDate "2013.02.05"]
[EventType "swiss"]
[EventRounds "4"]
[EventCountry "CAN"]
[SourceTitle "EXT 2022"]
[Source "ChessBase"]
[SourceDate "2021.10.06"]
[SourceVersion "1"]
[SourceVersionDate "2021.10.06"]
[SourceQuality "1"]

1. c4 g6 2. g3 Bg7 3. Bg2 d6 4. Nc3 Nc6 5. e4 e5 6. Nge2 Nge7 7. O-O O-O 8. d3 h6 9. Be3 a6 10. Qd2 Kh7 11. f4 f5 12. fxe5 Nxe5 13. exf5 Nxf5 14. Rf4 Rb8 15. Raf1 Be6 16. b3 Qe7 17. d4 Nd7 18. d5 Bf7 19. Rxf5 gxf5 20. Rxf5 Bg6 21. Rf4 Ne5 22. Rh4 Nf7 23. Ne4 Rbe8 24. Nd4 h5 25. Ne6 Rg8 26. Nxg7 Rxg7 27. Bf3 Ne5 28. Ng5+ Qxg5 29. Be2 Qf5 30. Rf4 Qb1+ 31. Rf1 Qc2 32. Qe1 Nd3 33. Bxd3 Qxd3 34. Rf3 Rge7 0-1

[Event "Winnipeg TNT February op"]
[Site "Winnipeg CAN"]
[Date "2013.02.19"]
[Round "3"]
[White "Swift, Ryne"]
[Black "Le Dorze, Philippe"]
[Result "1/2-1/2"]
[WhiteElo "1879"]
[BlackElo "1703"]
[PlyCount "54"]
[GameId "2160767909381910"]
[EventDate "2013.02.05"]
[EventType "swiss"]
[EventRounds "4"]
[EventCountry "CAN"]
[SourceTitle "EXT 2022"]
[Source "ChessBase"]
[SourceDate "2021.10.06"]
[SourceVersion "1"]
[SourceVersionDate "2021.10.06"]
[SourceQuality "1"]

1. e4 b6 2. d4 e6 3. c3 Bb7 4. Bd3 Nf6 5. Qc2 c5 6. f4 Nc6 7. Nf3 cxd4 8. Nxd4 Rc8 9. Nxc6 Bxc6 10. O-O Bc5+ 11. Kh1 Ng4 12. Be2 Nf2+ 13. Rxf2 Bxf2 14. Ba6 Bxe4 15. Qxf2 Rc7 16. Nd2 Bb7 17. Bxb7 Rxb7 18. Nb3 O-O 19. Be3 d5 20. Rd1 Rc7 21. Qg3 f6 22. Re1 Re7 23. Bd4 Qd7 24. h3 Qa4 25. Ra1 Qc4 26. Re1 Qa4 27. Ra1 Qc4 1/2-1/2

[Event "Winnipeg TNT February op"]
[Site "Winnipeg CAN"]
[Date "2013.02.19"]
[Round "3"]
[White "Wolchock, Theo"]
[Black "Towns, Barry"]
[Result "1-0"]
[WhiteElo "1696"]
[BlackElo "1735"]
[PlyCount "67"]
[GameId "2160767909381911"]
[EventDate "2013.02.05"]
[EventType "swiss"]
[EventRounds "4"]
[EventCountry "CAN"]
[SourceTitle "EXT 2022"]
[Source "ChessBase"]
[SourceDate "2021.10.06"]
[SourceVersion "1"]
[SourceVersionDate "2021.10.06"]
[SourceQuality "1"]

1. c4 Nf6 2. g3 d5 3. cxd5 Qxd5 4. Nf3 Bf5 5. Nc3 Qa5 6. Bg2 Nc6 7. O-O e5 8. d3 Bb4 9. Bd2 Qb6 10. a3 Bd6 11. Rb1 O-O 12. b4 Nd4 13. Nxd4 exd4 14. Na4 Qb5 15. Nc5 c6 16. Rc1 Nd5 17. Bxd5 cxd5 18. Qb3 Rad8 19. Bg5 Rc8 20. Qxd5 Bxc5 21. Qxf5 Qa4 22. Rxc5 Rxc5 23. Qxc5 Qxa3 24. Qxd4 h6 25. Bf4 Re8 26. e4 Qa2 27. Ra1 Qe2 28. Qe3 Qg4 29. Rxa7 g5 30. Bd6 f5 31. Qd4 f4 32. Qd5+ Re6 33. Ra8+ Kg7 34. Qxb7+ 1-0

[Event "Winnipeg TNT February op"]
[Site "Winnipeg CAN"]
[Date "2013.02.26"]
[Round "4"]
[White "Babb, Jeff"]
[Black "Melamedoff, Gustavo"]
[Result "1/2-1/2"]
[WhiteElo "2204"]
[BlackElo "2066"]
[PlyCount "100"]
[GameId "2160767909381912"]
[EventDate "2013.02.05"]
[EventType "swiss"]
[EventRounds "4"]
[EventCountry "CAN"]
[SourceTitle "EXT 2022"]
[Source "ChessBase"]
[SourceDate "2021.10.06"]
[SourceVersion "1"]
[SourceVersionDate "2021.10.06"]
[SourceQuality "1"]

1. e4 d5 2. exd5 Nf6 3. Nc3 Nxd5 4. g3 g6 5. Bg2 c6 6. Qe2 Nf6 7. Nf3 Bg7 8. O-O O-O 9. Re1 Re8 10. Ne5 Be6 11. d3 Nbd7 12. Nf3 Bg4 13. h3 Bxf3 14. Bxf3 e5 15. Be3 Nb6 16. Qd2 Qd7 17. Kh2 Qf5 18. Bg2 Rad8 19. Bxb6 axb6 20. Qe3 b5 21. Qf3 Qd7 22. a3 h5 23. Re2 h4 24. Rae1 Qd4 25. Qe3 hxg3+ 26. fxg3 b4 27. Qxd4 Rxd4 28. axb4 Rxb4 29. b3 Nh5 30. Re4 Rxe4 31. Nxe4 f5 32. Nd2 Ra8 33. Nc4 Ra2 34. Re2 f4 35. g4 Ng3 36. Rf2 b5 37. Nd6 Bf8 38. Ne4 Nxe4 39. Bxe4 Bc5 40. Re2 b4 41. Bxc6 Bd4 42. g5 Kf7 43. Bd5+ Ke7 44. Be4 Ke6 45. h4 Ra1 46. Kh3 Rg1 47. Bg2 Kf5 48. Be4+ Ke6 49. Bg2 Kf5 50. Be4+ Ke6 1/2-1/2

[Event "Winnipeg TNT February op"]
[Site "Winnipeg CAN"]
[Date "2013.02.26"]
[Round "4"]
[White "Boron, Anthony"]
[Black "Wolchock, Theo"]
[Result "1-0"]
[WhiteElo "1971"]
[BlackElo "1696"]
[PlyCount "107"]
[GameId "2160767909381913"]
[EventDate "2013.02.05"]
[EventType "swiss"]
[EventRounds "4"]
[EventCountry "CAN"]
[SourceTitle "EXT 2022"]
[Source "ChessBase"]
[SourceDate "2021.10.06"]
[SourceVersion "1"]
[SourceVersionDate "2021.10.06"]
[SourceQuality "1"]

1. e4 e5 2. Nf3 Nc6 3. Bb5 Bc5 4. c3 d6 5. d4 exd4 6. cxd4 Bb4+ 7. Bd2 Bxd2+ 8. Qxd2 Bd7 9. Nc3 Nf6 10. O-O O-O 11. Rad1 Bg4 12. Qf4 Bxf3 13. Qxf3 Qc8 14. e5 dxe5 15. Bxc6 bxc6 16. dxe5 Nd7 17. Qxc6 Nxe5 18. Qc5 Nd7 19. Qe7 Nf6 20. Nb5 Qb7 21. a4 Nd5 22. Qe5 Rad8 23. Rfe1 a6 24. Nc3 Nf6 25. Rxd8 Rxd8 26. Qe7 Rf8 27. b4 h6 28. Qc5 Rd8 29. h3 Nd5 30. Nxd5 Rxd5 31. Re8+ Kh7 32. Qc2+ f5 33. Re7 Qxb4 34. Qxc7 Rd1+ 35. Kh2 Qd6+ 36. Qxd6 Rxd6 37. Ra7 Kg6 38. a5 Kf6 39. Kg3 g5 40. h4 Ke5 41. hxg5 hxg5 42. Re7+ Kf6 43. Rb7 Ke5 44. Rg7 Rd5 45. Rxg5 Rxa5 46. Rg8 Ra4 47. Re8+ Kf6 48. f3 a5 49. Ra8 Kg5 50. f4+ Kh5 51. Rg8 Ra3+ 52. Kh2 a4 53. Rg5+ Kh4 54. g3+ 1-0

[Event "Winnipeg TNT February op"]
[Site "Winnipeg CAN"]
[Date "2013.02.26"]
[Round "4"]
[White "Green, Jim"]
[Black "Platt, Alex"]
[Result "0-1"]
[WhiteElo "1729"]
[BlackElo "1895"]
[PlyCount "50"]
[GameId "2160767909381914"]
[EventDate "2013.02.05"]
[EventType "swiss"]
[EventRounds "4"]
[EventCountry "CAN"]
[SourceTitle "EXT 2022"]
[Source "ChessBase"]
[SourceDate "2021.10.06"]
[SourceVersion "1"]
[SourceVersionDate "2021.10.06"]
[SourceQuality "1"]

1. e4 c5 2. Nf3 d6 3. Bb5+ Bd7 4. Bxd7+ Qxd7 5. O-O Nc6 6. c3 g6 7. Qe2 Bg7 8. Rd1 Nf6 9. d4 cxd4 10. cxd4 O-O 11. Nc3 Nh5 12. Be3 e6 13. Rac1 a6 14. h3 Rac8 15. b3 b5 16. d5 Ne7 17. Bd4 Bxd4 18. Nxd4 e5 19. Nf3 Nf4 20. Qf1 f5 21. exf5 Qxf5 22. b4 Rc4 23. Nh2 Rfc8 24. g4 Qf7 25. Ne2 Nxe2+ 0-1

[Event "Winnipeg TNT February op"]
[Site "Winnipeg CAN"]
[Date "2013.02.26"]
[Round "4"]
[White "Le Dorze, Philippe"]
[Black "Wasserman, Leor"]
[Result "1/2-1/2"]
[WhiteElo "1703"]
[BlackElo "1976"]
[PlyCount "51"]
[GameId "2160767909381915"]
[EventDate "2013.02.05"]
[EventType "swiss"]
[EventRounds "4"]
[EventCountry "CAN"]
[SourceTitle "EXT 2022"]
[Source "ChessBase"]
[SourceDate "2021.10.06"]
[SourceVersion "1"]
[SourceVersionDate "2021.10.06"]
[SourceQuality "1"]

1. d4 Nf6 2. c4 e5 3. dxe5 Ng4 4. Nf3 Nc6 5. Bg5 Be7 6. Bxe7 Qxe7 7. Nc3 Ngxe5 8. Nxe5 Nxe5 9. Nd5 Qd6 10. e4 O-O 11. Be2 c6 12. Ne3 Qg6 13. Qd4 d6 14. Rd1 Re8 15. f4 c5 16. Qd5 Be6 17. Qxd6 Nxc4 18. Nxc4 Qxe4 19. Ne5 Bc4 20. Rd2 Qxg2 21. Bxc4 Qxh1+ 22. Ke2 Qe4+ 23. Kd1 Qb1+ 24. Ke2 Qf5 25. Kd1 Qb1+ 26. Ke2 1/2-1/2

[Event "Winnipeg TNT February op"]
[Site "Winnipeg CAN"]
[Date "2013.02.26"]
[Round "4"]
[White "Leaden, Bruce"]
[Black "Dykman, Tony"]
[Result "1-0"]
[WhiteElo "1623"]
[BlackElo "1262"]
[PlyCount "107"]
[GameId "2160767909381916"]
[EventDate "2013.02.05"]
[EventType "swiss"]
[EventRounds "4"]
[EventCountry "CAN"]
[SourceTitle "EXT 2022"]
[Source "ChessBase"]
[SourceDate "2021.10.06"]
[SourceVersion "1"]
[SourceVersionDate "2021.10.06"]
[SourceQuality "1"]

1. e4 c5 2. Nc3 Nf6 3. f4 e6 4. Nf3 d6 5. Bb5+ Bd7 6. d3 a6 7. Bxd7+ Nbxd7 8. Bd2 Be7 9. h3 O-O 10. g4 Re8 11. Ne2 Nf8 12. Ng3 Ng6 13. Qe2 h6 14. O-O-O b5 15. f5 exf5 16. gxf5 Ne5 17. Nxe5 dxe5 18. Nh5 Nxh5 19. Qxh5 Bf6 20. Qe2 Kf8 21. Qf2 Rc8 22. Be3 Qd6 23. h4 Ke7 24. Bd2 Kd8 25. a3 Rc7 26. Ba5 Ree7 27. Bxc7+ Rxc7 28. c4 Qc6 29. h5 Kc8 30. Rhe1 b4 31. axb4 cxb4 32. b3 a5 33. Rd2 Bg5 34. Rg1 Bxd2+ 35. Qxd2 f6 36. Qa2 Qb6 37. Rg2 Ra7 38. Qf2 Qxf2 39. Rxf2 Kc7 40. Rd2 Kc6 41. d4 exd4 42. Rxd4 Rd7 43. Rd5 Re7 44. Rxa5 Rxe4 45. Ra7 Re1+ 46. Kd2 Rg1 47. Re7 Kd6 48. Re3 Rg5 49. Rd3+ Ke5 50. c5 Rxf5 51. c6 Rf2+ 52. Ke3 Ra2 53. c7 Ra8 54. Rd8 1-0

[Event "Winnipeg TNT February op"]
[Site "Winnipeg CAN"]
[Date "2013.02.26"]
[Round "4"]
[White "Mundwiler, Les"]
[Black "Kernetsky, Myron"]
[Result "1/2-1/2"]
[WhiteElo "2011"]
[BlackElo "2058"]
[PlyCount "128"]
[GameId "2160767909381917"]
[EventDate "2013.02.05"]
[EventType "swiss"]
[EventRounds "4"]
[EventCountry "CAN"]
[SourceTitle "EXT 2022"]
[Source "ChessBase"]
[SourceDate "2021.10.06"]
[SourceVersion "1"]
[SourceVersionDate "2021.10.06"]
[SourceQuality "1"]

1. d4 Nf6 2. c4 e6 3. a3 b6 4. Nc3 Ba6 5. e3 Be7 6. b4 Bb7 7. Bd2 a5 8. b5 O-O 9. Nf3 d5 10. cxd5 exd5 11. Bd3 Bd6 12. Qb1 Nbd7 13. Ng5 h6 14. h4 Qe7 15. Nh7 Rfe8 16. Nxf6+ Nxf6 17. Bc1 Ne4 18. Nxe4 dxe4 19. Be2 Bd5 20. Bb2 f5 21. g3 Qf7 22. Qc2 Rac8 23. O-O Rf8 24. Rac1 Qg6 25. Kh2 f4 26. exf4 Rxf4 27. Bc4 Rxh4+ 28. Kg2 Bxc4 29. Qxc4+ Kh7 30. Qe2 Rf8 31. Rc3 Rhf4 32. f3 exf3+ 33. Rfxf3 Rxf3 34. Rxf3 Rxf3 35. Qxf3 Qc2+ 36. Qf2 Qxf2+ 37. Kxf2 g5 38. g4 Kg6 39. a4 h5 40. Kf3 Bf4 41. d5 h4 42. Bd4 Kf7 43. Bb2 Ke7 44. Ba3+ Kd7 45. Kf2 Ke8 46. Kf3 Kf7 47. Bb2 Ke7 48. Ba3+ Kf6 49. Bb2+ Kf7 50. Kg2 Ke8 51. Kf3 Kd7 52. Ba3 h3 53. Kf2 Be5 54. Kg1 Bg3 55. Kh1 Bf4 56. Kg1 Ke8 57. Kh1 Kf7 58. Bb2 Ke7 59. Ba3+ Kf6 60. Bb2+ Be5 61. Bc1 Bg3 62. Bb2+ Kg6 63. Ba3 Be5 64. Bc1 Kf6 1/2-1/2

[Event "Winnipeg TNT February op"]
[Site "Winnipeg CAN"]
[Date "2013.02.26"]
[Round "4"]
[White "Schulz, Waldemar"]
[Black "Rutter, Blair"]
[Result "0-1"]
[WhiteElo "2014"]
[BlackElo "1863"]
[PlyCount "84"]
[GameId "2160767909381918"]
[EventDate "2013.02.05"]
[EventType "swiss"]
[EventRounds "4"]
[EventCountry "CAN"]
[SourceTitle "EXT 2022"]
[Source "ChessBase"]
[SourceDate "2021.10.06"]
[SourceVersion "1"]
[SourceVersionDate "2021.10.06"]
[SourceQuality "1"]

1. Nf3 d5 2. g3 Nd7 3. d4 c6 4. Bg2 f5 5. O-O Ngf6 6. c4 e6 7. Nbd2 Ne4 8. Qc2 Bd6 9. b3 Nf8 10. Bb2 g5 11. Ne5 h5 12. Nxe4 Bxe5 13. dxe5 dxe4 14. Rfd1 Qe7 15. f3 e3 16. Qd3 f4 17. Qe4 Qf7 18. Kh1 Ng6 19. Rd6 Bd7 20. Rad1 O-O-O 21. Bd4 Kb8 22. Bxa7+ Kxa7 23. Qd4+ c5 24. Qxc5+ Kb8 25. Qd4 Nf8 26. c5 Rc8 27. a4 h4 28. gxf4 gxf4 29. Bh3 Rg8 30. Rxd7 Nxd7 31. Qd6+ Ka8 32. Qxe6 Qxe6 33. Bxe6 Nxe5 34. Bxc8 Rxc8 35. b4 h3 36. Rd5 Re8 37. Rd1 Rg8 38. Rd5 Rg5 39. b5 Kb8 40. a5 Nxf3 41. Rd1 Nd2 42. b6 Rxc5 0-1

[Event "Winnipeg TNT February op"]
[Site "Winnipeg CAN"]
[Date "2013.02.26"]
[Round "4"]
[White "Skop, Mike"]
[Black "Towns, Barry"]
[Result "0-1"]
[WhiteElo "1721"]
[BlackElo "1735"]
[PlyCount "48"]
[GameId "2160767909381919"]
[EventDate "2013.02.05"]
[EventType "swiss"]
[EventRounds "4"]
[EventCountry "CAN"]
[SourceTitle "EXT 2022"]
[Source "ChessBase"]
[SourceDate "2021.10.06"]
[SourceVersion "1"]
[SourceVersionDate "2021.10.06"]
[SourceQuality "1"]

1. d4 d5 2. c4 Nf6 3. Nc3 Bf5 4. Bg5 e6 5. cxd5 exd5 6. Qb3 Nc6 7. Nxd5 Nxd4 8. Qa4+ c6 9. Qxd4 cxd5 10. Qe5+ Be6 11. Nf3 Bb4+ 12. Bd2 Ng4 13. Qxg7 Bxd2+ 14. Nxd2 Rf8 15. e4 Qb6 16. O-O-O Nxf2 17. Be2 Rc8+ 18. Kb1 Nxh1 19. Rxh1 Qe3 20. Bb5+ Ke7 21. Rf1 Qxd2 22. Qf6+ Kd6 23. e5+ Kc7 24. Qe7+ Kb8 0-1

[Event "Winnipeg TNT February op"]
[Site "Winnipeg CAN"]
[Date "2013.02.26"]
[Round "4"]
[White "Smith, Nick J"]
[Black "Reimer, Bruce"]
[Result "0-1"]
[WhiteElo "1439"]
[BlackElo "1623"]
[PlyCount "70"]
[GameId "2160767909381920"]
[EventDate "2013.02.05"]
[EventType "swiss"]
[EventRounds "4"]
[EventCountry "CAN"]
[SourceTitle "EXT 2022"]
[Source "ChessBase"]
[SourceDate "2021.10.06"]
[SourceVersion "1"]
[SourceVersionDate "2021.10.06"]
[SourceQuality "1"]

1. e4 Nf6 2. Nc3 d5 3. exd5 Nxd5 4. Nge2 Bg4 5. f3 Bh5 6. b3 e5 7. Bb2 Nc6 8. Nxd5 Qxd5 9. Nc3 Qa5 10. Bb5 Qb6 11. Qe2 O-O-O 12. O-O-O f6 13. Na4 Qa5 14. Bxc6 bxc6 15. Bc3 Bb4 16. Bxb4 Qxb4 17. Qa6+ Qb7 18. Qxb7+ Kxb7 19. Nc5+ Kb6 20. b4 a5 21. c3 Bf7 22. a3 Rd6 23. Rhe1 Rhd8 24. f4 exf4 25. d4 axb4 26. axb4 Re8 27. Rxe8 Bxe8 28. Re1 Rd8 29. Re7 Bg6 30. Rxg7 Ra8 31. Kb2 Re8 32. Nd7+ Kb7 33. Nxf6 Re2+ 34. Ka3 Rxg2 35. Nxh7 f3 0-1

[Event "Winnipeg TNT January op"]
[Site "Winnipeg CAN"]
[Date "2013.01.08"]
[Round "1"]
[White "Babb, Jeff"]
[Black "Remillard, John"]
[Result "1-0"]
[WhiteElo "2198"]
[BlackElo "1675"]
[PlyCount "61"]
[GameId "2160767909410903"]
[EventDate "2013.01.08"]
[EventType "swiss"]
[EventRounds "4"]
[EventCountry "CAN"]
[SourceTitle "EXT 2022"]
[Source "ChessBase"]
[SourceDate "2021.10.06"]
[SourceVersion "1"]
[SourceVersionDate "2021.10.06"]
[SourceQuality "1"]

1. f4 e6 2. Nf3 d5 3. e3 Bd6 4. b3 Nf6 5. Bb2 O-O 6. Bd3 Re8 7. O-O Nbd7 8. Ne5 Ne4 9. Qh5 Bxe5 10. fxe5 g6 11. Qf3 f5 12. exf6 Nexf6 13. Bxf6 Nxf6 14. Qxf6 Qxf6 15. Rxf6 Rf8 16. Rxf8+ Kxf8 17. Nc3 Bd7 18. Rf1+ Ke7 19. h4 Rf8 20. Rxf8 Kxf8 21. g4 Kg7 22. Kf2 Kf6 23. g5+ Ke5 24. Nb5 Bxb5 25. Bxb5 c6 26. Bd3 b5 27. h5 gxh5 28. Bxh7 c5 29. d4+ cxd4 30. exd4+ Kxd4 31. g6 1-0

[Event "Winnipeg TNT January op"]
[Site "Winnipeg CAN"]
[Date "2013.01.08"]
[Round "1"]
[White "Croitor, Jeremy"]
[Black "Wasserman, Leor"]
[Result "0-1"]
[WhiteElo "1557"]
[BlackElo "1962"]
[PlyCount "114"]
[GameId "2160767909410905"]
[EventDate "2013.01.08"]
[EventType "swiss"]
[EventRounds "4"]
[EventCountry "CAN"]
[SourceTitle "EXT 2022"]
[Source "ChessBase"]
[SourceDate "2021.10.06"]
[SourceVersion "1"]
[SourceVersionDate "2021.10.06"]
[SourceQuality "1"]

1. c4 c5 2. Nc3 Nc6 3. Nf3 Nf6 4. g3 g6 5. Bg2 Bg7 6. O-O O-O 7. d4 cxd4 8. Nxd4 Qb6 9. Nc2 d6 10. e4 Be6 11. Ne3 Na5 12. b3 Nxe4 13. Na4 Qc7 14. Bb2 Bxb2 15. Nxb2 Nf6 16. Nd5 Bxd5 17. cxd5 b6 18. Rc1 Qd7 19. Re1 Rac8 20. b4 Rxc1 21. Qxc1 Rc8 22. Qh6 Rc2 23. bxa5 Rxb2 24. axb6 axb6 25. a3 b5 26. h3 Qf5 27. Qf4 Qxf4 28. gxf4 Kf8 29. Bf3 Rb3 30. Re3 Rb2 31. Kg2 Rd2 32. Rb3 Nxd5 33. Kg3 Rd4 34. Rxb5 Nxf4 35. Rb8+ Kg7 36. Rb4 Ne6 37. Rxd4 Nxd4 38. a4 Nb3 39. Bd1 Na5 40. Kf3 Kf6 41. Ke4 Ke6 42. Kd4 Kd7 43. Kc3 Kc6 44. Kb4 Kb6 45. Bb3 Nxb3 46. Kxb3 Ka5 47. f4 e5 48. fxe5 dxe5 49. Kc4 f5 50. Kd3 e4+ 51. Ke3 Kxa4 52. h4 h6 53. Kf4 g5+ 54. hxg5 hxg5+ 55. Ke3 Kb4 56. Kd4 g4 57. Ke3 g3 0-1

[Event "Winnipeg TNT January op"]
[Site "Winnipeg CAN"]
[Date "2013.01.08"]
[Round "1"]
[White "Dykman, Tony"]
[Black "Einarsson, Ken"]
[Result "0-1"]
[WhiteElo "1264"]
[BlackElo "1829"]
[PlyCount "60"]
[GameId "2160767909410906"]
[EventDate "2013.01.08"]
[EventType "swiss"]
[EventRounds "4"]
[EventCountry "CAN"]
[SourceTitle "EXT 2022"]
[Source "ChessBase"]
[SourceDate "2021.10.06"]
[SourceVersion "1"]
[SourceVersionDate "2021.10.06"]
[SourceQuality "1"]

1. e4 c6 2. d4 d5 3. Nc3 dxe4 4. Nxe4 Bf5 5. Bd3 Qxd4 6. Nf3 Qd5 7. Qe2 e6 8. Nfg5 Nd7 9. O-O Be7 10. Re1 Ngf6 11. b3 O-O 12. Bb2 Rad8 13. c4 Qa5 14. a4 h6 15. Nxf6+ Nxf6 16. Bxf5 Qxf5 17. Nf3 Rd3 18. Nd4 Qg6 19. Rab1 Bb4 20. Red1 Rxd1+ 21. Rxd1 Rd8 22. h3 Qe4 23. Qxe4 Nxe4 24. Rd3 c5 25. Re3 cxd4 26. Rxe4 d3 27. Rg4 g6 28. Bf6 Rd7 29. Rd4 Rxd4 30. Bxd4 d2 0-1

[Event "Winnipeg TNT January op"]
[Site "Winnipeg CAN"]
[Date "2013.01.08"]
[Round "1"]
[White "Leaden, Bruce"]
[Black "Melamedoff, Gustavo"]
[Result "0-1"]
[WhiteElo "1639"]
[BlackElo "2060"]
[PlyCount "146"]
[GameId "2160767909410908"]
[EventDate "2013.01.08"]
[EventType "swiss"]
[EventRounds "4"]
[EventCountry "CAN"]
[SourceTitle "EXT 2022"]
[Source "ChessBase"]
[SourceDate "2021.10.06"]
[SourceVersion "1"]
[SourceVersionDate "2021.10.06"]
[SourceQuality "1"]

1. e4 c5 2. Nc3 Nc6 3. f4 g6 4. Nf3 Bg7 5. Bb5 Nd4 6. O-O Nxb5 7. Nxb5 a6 8. Nc3 b5 9. d3 d6 10. Qe1 e6 11. f5 b4 12. Ne2 e5 13. c3 a5 14. Nd2 Nf6 15. Qh4 Ba6 16. c4 a4 17. Nf3 Qe7 18. Bg5 h6 19. Bxf6 Bxf6 20. Qf2 gxf5 21. Nd2 f4 22. Nf3 Bc8 23. Kh1 Be6 24. Rac1 Kd7 25. Rfd1 Rhg8 26. Rd2 h5 27. Neg1 Rg6 28. b3 a3 29. Rcc2 Rag8 30. Qf1 Qf8 31. h3 Be7 32. Ne1 Qh6 33. Nef3 Qg7 34. Re2 Rg3 35. Red2 Ke8 36. Kh2 Rg6 37. Kh1 f5 38. Re2 Qh7 39. Rcd2 fxe4 40. dxe4 Bg4 41. Rf2 Bd7 42. Rfe2 Bc6 43. Qb1 Rg3 44. Kh2 Bf6 45. Qe1 Qe7 46. Qf1 Kd7 47. Rc2 R3g6 48. Qe1 Kc7 49. Qf1 Bh4 50. Nxh4 Qxh4 51. Nf3 Qg3+ 52. Kh1 R6g7 53. Rcd2 Rg6 54. Rc2 Bd7 55. Rcd2 Rh8 56. Qf2 Qxf2 57. Rxf2 Bg4 58. Nh4 Rg7 59. Kh2 Be6 60. Nf3 Rg3 61. Rc2 Rhg8 62. Rcd2 Bd7 63. Rc2 Bc6 64. Rce2 R8g7 65. Nh4 Re3 66. Nf5 Rxe2 67. Rxe2 Rg5 68. Rd2 Bxe4 69. Nxd6 Rxg2+ 70. Rxg2 Bxg2 71. Nb5+ Kd7 72. Kxg2 e4 73. Nc3 bxc3 0-1

[Event "Winnipeg TNT January op"]
[Site "Winnipeg CAN"]
[Date "2013.01.08"]
[Round "1"]
[White "Mundwiler, Les"]
[Black "Reimer, Bruce"]
[Result "1-0"]
[WhiteElo "1991"]
[BlackElo "1637"]
[PlyCount "45"]
[GameId "2160767909410909"]
[EventDate "2013.01.08"]
[EventType "swiss"]
[EventRounds "4"]
[EventCountry "CAN"]
[SourceTitle "EXT 2022"]
[Source "ChessBase"]
[SourceDate "2021.10.06"]
[SourceVersion "1"]
[SourceVersionDate "2021.10.06"]
[SourceQuality "1"]

1. e4 Nf6 2. e5 Nd5 3. Nc3 Nxc3 4. bxc3 d6 5. f4 dxe5 6. fxe5 Nc6 7. d4 Bf5 8. Nf3 e6 9. Be2 Be7 10. O-O Na5 11. Bb5+ c6 12. Bd3 Bg4 13. Be3 Qd5 14. Qe2 b5 15. a4 a6 16. axb5 axb5 17. c4 bxc4 18. Bxc4 Qd8 19. Bd3 g6 20. Qf2 Bxf3 21. Qxf3 O-O 22. Ra4 Re8 23. Qxf7+ 1-0

[Event "Winnipeg TNT January op"]
[Site "Winnipeg CAN"]
[Date "2013.01.08"]
[Round "1"]
[White "Platt, Alex"]
[Black "Trueman, Francis"]
[Result "1-0"]
[WhiteElo "1905"]
[BlackElo "1460"]
[PlyCount "31"]
[GameId "2160767909410910"]
[EventDate "2013.01.08"]
[EventType "swiss"]
[EventRounds "4"]
[EventCountry "CAN"]
[SourceTitle "EXT 2022"]
[Source "ChessBase"]
[SourceDate "2021.10.06"]
[SourceVersion "1"]
[SourceVersionDate "2021.10.06"]
[SourceQuality "1"]

1. e4 d6 2. d4 Nf6 3. Nc3 g6 4. f4 e5 5. dxe5 Nh5 6. Nf3 Bg4 7. exd6 Bxf3 8. Qxf3 Qxd6 9. Bd2 Nc6 10. O-O-O O-O-O 11. Be3 Qe7 12. Bb5 Bg7 13. Bxc6 bxc6 14. e5 Bh6 15. Qxc6 Kb8 16. Nd5 1-0